000 00460nam a2200193Ia 4500
008 151121s9999||||xx |||||||||||||| ||und||
082 _a823/Dan
082 _bHNW-69374
100 _aDaniken E।V।
245 _aReturn To The Stars
260 _bSouvenir Press
260 _c--
300 _a190
600 _aDaniken E।V।
630 _aReturn To The Stars
700 _aDaniken E।V।
730 _aReturn To The Stars
942 _cBOOK
999 _c1250861
_d1250858